000 01193nam a2200253 i 4500
001 190778
003 ES-MaACL
005 20240201145332.0
008 220704s2021 sp 001 0cspa d
020 _a9798541803815
245 0 0 _aMujeres en el tercer salón de baile /
_c[María Amalia Rubio (coordinadora) ; presentación, Carmen Calvo Poyato ; prólogo, Consuelo Meza Márquez].
260 _a[Sevilla] :
_bHilos de Emociones,
_c[ca. 2021] (
_ePoland :
_fAmazon Fulfillment])
300 _a289 p. ;
_c21 cm.
504 _aBibliografía: p. 283-287.
505 8 _aContiene: Testimonios. Carmen Porro Moriz . Maite Pacheco Mateo-Sagasta . María Sáinz Martín . Mirian García García . Ángeles Heras . Lucía Parcet Romero . Nieves Sánchez . Rosario Aguilar Gamarra
650 4 _aMujeres-
_zEspaña-
_xSituación social-
_yS.XX.
_9171394
650 4 _aFeminismo-
_zEspaña-
_yS.XX.
_9166951
700 1 _aRubio, María Amalia.
_9174779
700 1 _aCalvo, Carmen,
_d1957-
_9175629
700 1 _aMeza Márquez, Consuelo.
_9174780
852 4 _aES-MaACL
_jA-14996
_9 197960
_bR.153355
_cDEPO1
_dOlim: N-7996
_hDonación: Editorial
942 _2udc
999 _c190778
_d190778